00522nam a2200157 a 450000500170000000800410001702000180005805000220007610000220009824500990012026000500021930000210026950000190029065000270030970000280033620140310183358.0121004s19uu xx 00 eng d a9788171394470 aZ 678b.P189 2011 aPandey, Raghunath aLibrary managements :cRaghunath Pandey, M.N. Valayudhan Pillai.bnew concepts and practices / aNew Delhi, India :bJnanada Prakashan,c2011. a232 p. :c22 cm. aIncludes index aLibrary administration aPillai, M.N. Valayudhan